000 00711nam a2200253 a 4500
003 DO-SdBNP
005 20251017124518.0
007 ta
008 211214e1976 cauac||gr|||| 001 0 spa d
040 _aDO-SdBNP
_bspa
_cBNPHU
082 4 _222
_bC434p, 1976
100 1 _95855
_aChaij, Fernando
245 1 0 _aPaz en la angustia /
_bFernando Chaij
250 _a2da. ed. abreviada
260 _aCalifornia :
_bInteramericanas,
_c1976
300 _a126 p. :
_bil., retr.
_c19 cm.
590 _aInventariado MF / 2021
650 0 _9271
_aVida Espiritual
_xFe
650 0 _aSalud mental
_9803
650 0 _938465
_aPaz del EspĂ­ritu
650 0 _921336
_aEstilo de Vida
910 _aMFeliz
942 _2ddc
_cLBS1
999 _c51124
_d51124